000 00347nam a22001457a 4500
008 211012b ||||| |||| 00| 0 eng d
020 _a9780471134596
041 _aeng
080 _24th
_a621
082 _a621
100 _a24
101 _aMEK
245 _aMaterials Science and Engineering An Introduction
_cCallister,W.D
942 _2udc
_cBK
999 _c58168
_d58168